100 Greatest Canadian Rock Artists of All Time - Statistics

General Stats
  • This quiz has been taken 410 times
  • The average score is 10 of 100
Answer Stats
Hint Answer % Correct
2 Rush
60%
6 Bryan Adams
59%
1 Neil Young
57%
18 Justin Bieber
55%
7 Celine Dion
53%
8 Alanis Morissette
41%
14 Nickelback
41%
19 Drake
36%
15 Avril Lavigne
32%
4 Joni Mitchell
32%
11 the Guess Who
31%
10 Leonard Cohen
26%
28 the Tragically Hip
26%
48 Bachman Turner Overdrive
24%
13 Gordon Lightfoot
24%
25 Barenaked Ladies
23%
3 the Band
18%
54 April Wine
15%
5 Arcade Fire
15%
29 Triumph
15%
55 Loverboy
13%
57 Sum 41
13%
21 Steppenwolf
12%
26 KD Lang
11%
9 Heart
10%
12 Paul Anka
10%
16 Sarah McLachlan
10%
28 Blue Rodeo
9%
73 Chilliwack
9%
83 Simple Plan
9%
74 Burton Cummings
8%
69 Corey Hart
8%
17 Nelly Furtado
8%
27 Our Lady Peace
8%
56 Tom Cochrane
8%
79 Crash Test Dummies
7%
36 Sloan
7%
32 Three Days Grace
7%
77 Sam Roberts
6%
84 Snow
6%
37 Alannah Myles
5%
68 Andy Kim
5%
94 Billy Talent
5%
87 Aldo Nova
4%
53 Feist
4%
52 Matthew Good
4%
43 Robbie Robertson
4%
45 Saga
4%
78 Alexisonfire
3%
38 Broken Social Scene
3%
41 Bruce Cockburn
3%
24 Buffy Sainte Marie
3%
39 New Pornographers
3%
70 Payolas
3%
72 Prism
3%
34 Wolf Parade
3%
42 Chantal Kreviazuk
2%
30 Cowboy Junkies
2%
86 Dan Hill
2%
64 Godspeed you Black Emperor!
2%
82 Ian Thomas
2%
75 Kardinal Offishall
2%
59 Kate & Anna Mcgarrigle
2%
63 K os
2%
61 Lighthouse
2%
51 Martha & the Muffins
2%
90 Northern Pikes
2%
88 Stampeders
2%
50 Voivod
2%
80 Black Mountain
1%
93 Bran Van 3000
1%
49 Daniel Lanois
1%
23 Eric Lapointe
1%
81 Eric's Trip
1%
62 Fefe Dobson
1%
100 FM
1%
44 Gino Vanelli
1%
47 Harmonium
1%
33 Ian & Sylvia
1%
31 Jack Scott
1%
97 Jean Leloup
1%
71 Jean Pierre Ferland
1%
35 Les Cowboys Fringants
1%
91 Pursuit of Happiness
1%
65 Rheostatics
1%
22 Robert Charlebois
1%
98 Ron Sexsmith
1%
76 Rough Trade
1%
89 Swollen Members
1%
99 Teenage Head
1%
85 Weakerthans
1%
60 Ariane Moffatt
0%
95 Beau Marks
0%
66 Constantines
0%
96 Crowbar
0%
40 Diamonds
0%
46 Jane Child
0%
67 Pat Travers
0%
92 Rascalz
0%
58 Skip Spence
0%
No matching quizzes found
Score Distribution
Percent of People with Each Score
Percentile by Number Answered
Your Score History
You have not taken this quiz